[Event "32nd ECC Open 2016"]
[Site "Novi Sad SRB"]
[Date "2016.11.10"]
[Round "5.12"]
[Board "1"]
[White "Kiik, Kalle"]
[Black "Zajic, Milan"]
[Result "1/2-1/2"]
[WhiteTitle "IM"]
[BlackTitle "IM"]
[WhiteElo "2403"]
[BlackElo "2501"]
[WhiteTeam "Salon Shakkikerho"]
[BlackTeam "Omladinski Sahovski Klub Paracin"]
[WhiteFideId "4500075"]
[BlackFideId "912336"]
[EventDate "2016.11.06"]

1. d4 Nf6 2. Nf3 e6 3. Bf4 c5 4. e3 d5 5. c4 cxd4 6. exd4 Be7 7. Nc3 O-O 8. a3
b6 9. Bd3 Ba6 10. Qe2 Nc6 11. Rd1 dxc4 12. Bxc4 Bxc4 13. Qxc4 Rc8 14. Qa2 Qd7
15. O-O Rfd8 16. Rd2 Qb7 17. d5 exd5 18. Nxd5 Rxd5 19. Rxd5 Nb4 20. axb4 Nxd5
21. Ne5 Bxb4 22. Bg3 Bd2 23. Qa4 f6 24. Nd3 Qc6 25. Qg4 Re8 26. h4 Qe6 27. Qd1
Bb4 28. Qa4 a5 29. Rc1 h6 30. Qb5 Kh7 31. Kh2 Re7 32. Rc6 Qd7 33. Nxb4 Nxb4 1/2-1/2

[Event "32nd ECC Open 2016"]
[Site "Novi Sad SRB"]
[Date "2016.11.10"]
[Round "5.12"]
[Board "2"]
[White "Radovanovic, Nikola"]
[Black "Niemi, Kalle"]
[Result "1/2-1/2"]
[WhiteTitle "IM"]
[BlackTitle "FM"]
[WhiteElo "2411"]
[BlackElo "2337"]
[WhiteTeam "Omladinski Sahovski Klub Paracin"]
[BlackTeam "Salon Shakkikerho"]
[WhiteFideId "900087"]
[BlackFideId "504378"]
[EventDate "2016.11.06"]

1. d4 Nf6 2. c4 g6 3. Nc3 d5 4. Nf3 Bg7 5. Qb3 dxc4 6. Qxc4 O-O 7. e4 Na6 8. Be2
c5 9. d5 e6 10. O-O exd5 11. exd5 Nb4 12. Rd1 Nc2 13. Rb1 Nd4 14. Nxd4 cxd4 15.
Rxd4 Bf5 16. Bd3 Ne8 17. Bxf5 Nd6 18. Qd3 Bxd4 19. Qxd4 Nxf5 20. Qd3 Qb6 21. Bf4
Rad8 22. Ne4 f6 23. d6 Qd4 24. Rd1 Qxd3 25. Rxd3 g5 26. Bd2 Rde8 27. d7 Rxe4 28.
d8=Q Rxd8 29. Rxd8+ Kf7 30. Bc3 Ng7 31. f3 Re8 32. Rd5 Re7 33. Kf2 Ke6 34. Rd8
Re8 35. Rd2 h5 36. Bb4 Nf5 37. g4 hxg4 38. fxg4 Nh6 39. Rd6+ Ke5 40. h3 a5 41.
Rd3 Ra8 42. Bc3+ Ke6 43. Rf3 Ng8 44. Rf5 a4 45. Rb5 a3 46. Rb6+ Kd5 47. Rxb7
axb2 48. Rxb2 Ra3 49. Rc2 Ke4 50. Kg2 Kd3 51. Bb4 Ra4 52. Rb2 Nh6 53. a3 Ra6 54.
Kf3 f5 55. Rd2+ Kc4 56. gxf5 Rf6 57. Rc2+ Kd3 58. Rc5 Nxf5 59. Kg4 Ne3+ 60. Kxg5
Rf3 61. h4 Rg3+ 62. Kf6 Ke4 63. Rg5 Rh3 64. Re5+ Kd3 65. Kg5 Rg3+ 66. Kf4 Rh3
67. h5 Nf1 68. Kg5 Ng3 69. Kg6 Rxh5 70. Rxh5 Nxh5 71. Kxh5 Kd4 1/2-1/2

[Event "32nd ECC Open 2016"]
[Site "Novi Sad SRB"]
[Date "2016.11.10"]
[Round "5.12"]
[Board "3"]
[White "Jarvenpaa, Jari"]
[Black "Mladenovic, Stefan"]
[Result "0-1"]
[WhiteTitle "FM"]
[WhiteElo "2249"]
[BlackElo "2292"]
[WhiteTeam "Salon Shakkikerho"]
[BlackTeam "Omladinski Sahovski Klub Paracin"]
[WhiteFideId "504220"]
[BlackFideId "942227"]
[EventDate "2016.11.06"]

1. d4 Nf6 2. Nf3 e6 3. Bg5 c5 4. e3 cxd4 5. exd4 Be7 6. Nbd2 d6 7. Bd3 Nbd7 8.
O-O O-O 9. c3 b6 10. a4 a6 11. Qe2 Bb7 12. Rfe1 h6 13. Be3 Re8 14. Nc4 Nd5 15.
Bd2 Bf8 16. Qe4 N7f6 17. Qe2 Nh5 18. g3 Nhf6 19. Qd1 b5 20. Na3 bxa4 21. Nc4 Bc6
22. Bc1 Qc7 23. Nh4 e5 24. Nf5 Bd7 25. Nfxd6 Bxd6 26. Nxd6 Qxd6 27. c4 Nb4 28.
dxe5 Qxd3 29. Bf4 Bg4 30. Qxa4 Nc2 0-1

[Event "32nd ECC Open 2016"]
[Site "Novi Sad SRB"]
[Date "2016.11.10"]
[Round "5.12"]
[Board "4"]
[White "Cvetanovic, Uros"]
[Black "Hynninen, Juha"]
[Result "1-0"]
[WhiteTitle "CM"]
[WhiteElo "2269"]
[BlackElo "2220"]
[WhiteTeam "Omladinski Sahovski Klub Paracin"]
[BlackTeam "Salon Shakkikerho"]
[WhiteFideId "900672"]
[BlackFideId "504289"]
[EventDate "2016.11.06"]

1. e4 c5 2. Nf3 d6 3. d4 cxd4 4. Nxd4 Nf6 5. Nc3 g6 6. Be2 Bg7 7. O-O O-O 8. Re1
Nc6 9. Nb3 Be6 10. Bf1 Rc8 11. h3 Ne5 12. f4 Ned7 13. g4 Bc4 14. Bg2 Qc7 15. Nd2
Ba6 16. Nf3 Rfd8 17. g5 Nh5 18. Nd5 Qc5+ 19. Be3 Qxc2 20. Nxe7+ Kh8 21. Nxc8
Qxc8 22. Rc1 Qb8 23. b4 d5 24. e5 Nf8 25. a4 Bc4 26. Nd4 Ne6 27. Qd2 a6 28. Bf3
Nxd4 29. Bxd4 Ng3 30. Kf2 Nf5 31. Bb6 1-0

[Event "32nd ECC Open 2016"]
[Site "Novi Sad SRB"]
[Date "2016.11.10"]
[Round "5.12"]
[Board "5"]
[White "Pihlajasalo, Hannu"]
[Black "Ivic, Matija"]
[Result "0-1"]
[WhiteElo "2205"]
[BlackElo "2231"]
[WhiteTeam "Salon Shakkikerho"]
[BlackTeam "Omladinski Sahovski Klub Paracin"]
[WhiteFideId "502456"]
[BlackFideId "953687"]
[EventDate "2016.11.06"]

1. d4 Nf6 2. c4 c5 3. d5 g6 4. Nc3 Bg7 5. e4 d6 6. Bd3 O-O 7. Nge2 e6 8. O-O
exd5 9. exd5 Ng4 10. h3 Ne5 11. f4 Nxd3 12. Qxd3 Re8 13. Ng3 Na6 14. a3 f5 15.
Bd2 Bd7 16. Rae1 Qf6 17. Rxe8+ Rxe8 18. Re1 Qd4+ 19. Qxd4 cxd4 20. Rxe8+ Bxe8
21. Na2 Nc5 22. Nc1 d3 23. b4 Ne4 24. Nf1 Bd4+ 25. Kh2 Nxd2 26. Nxd2 Be3 27.
Ncb3 Ba4 28. g3 Bxb3 29. Nxb3 d2 30. Nxd2 Bxd2 31. c5 dxc5 32. bxc5 Kf7 33. c6
bxc6 34. dxc6 Ke7 0-1

[Event "32nd ECC Open 2016"]
[Site "Novi Sad SRB"]
[Date "2016.11.10"]
[Round "5.12"]
[Board "6"]
[White "Dezelin, Milan"]
[Black "Kivijarvi, Juha"]
[Result "1/2-1/2"]
[WhiteTitle "FM"]
[WhiteElo "2220"]
[BlackElo "2193"]
[WhiteTeam "Omladinski Sahovski Klub Paracin"]
[BlackTeam "Salon Shakkikerho"]
[WhiteFideId "933015"]
[BlackFideId "503258"]
[EventDate "2016.11.06"]

1. d4 f5 2. Nf3 Nf6 3. Bf4 d6 4. e3 g6 5. Bc4 e6 6. h3 Bg7 7. Nbd2 Qe7 8. Qe2
Nc6 9. Bh2 Bd7 10. O-O O-O 11. a4 Kh8 12. a5 a6 13. Bb3 e5 14. c3 e4 15. Ne1
Rae8 16. Nc2 Nh5 17. f4 exf3 18. Qxf3 Nd8 19. Rae1 Bc6 20. Bd5 Bxd5 21. Qxd5 Nf6
22. Qf3 Qd7 23. b4 Qa4 24. Rc1 Ne4 25. Nxe4 Rxe4 26. g4 Qe8 27. gxf5 Rxf5 28.
Qg2 Rh5 29. Rf4 Rxe3 30. Rf3 Re2 31. Qf1 Re7 32. Re1 Ne6 33. Rfe3 Rg5+ 34. Bg3 1/2-1/2

[Event "32nd ECC Open 2016"]
[Site "Novi Sad SRB"]
[Date "2016.11.10"]
[Round "5.13"]
[Board "1"]
[White "Bluebaum, Matthias"]
[Black "Getz, Nicolai"]
[Result "1-0"]
[WhiteTitle "GM"]
[BlackTitle "IM"]
[WhiteElo "2641"]
[BlackElo "2434"]
[WhiteTeam "SV Werder Bremen"]
[BlackTeam "Oslo Schakselskap"]
[WhiteFideId "24651516"]
[BlackFideId "1505572"]
[EventDate "2016.11.06"]

1. Nf3 Nf6 2. g3 b6 3. Bg2 Bb7 4. O-O g6 5. d4 Bg7 6. c4 O-O 7. Re1 e6 8. Bf4 d6
9. Qc2 Nc6 10. Nc3 Qc8 11. Rad1 Nd7 12. Qc1 a6 13. Bh6 Ne7 14. e4 Re8 15. h4 Qb8
16. a4 c5 17. d5 e5 18. h5 Nf6 19. Bxg7 Kxg7 20. h6+ Kh8 21. Ng5 Rf8 22. f4 Ng4
23. Bf3 Bc8 24. Rf1 Nxh6 25. fxe5 dxe5 26. d6 Nc6 27. d7 Bb7 28. Rd2 f6 29. Ne6
Ng8 30. Bg4 Nd4 31. Nxf8 Qxf8 32. Rdf2 Qd6 33. Nd5 Bxd5 34. cxd5 Rd8 35. b4 f5
36. bxc5 bxc5 37. exf5 gxf5 38. Bxf5 Nxf5 39. Rxf5 Rxd7 40. Qe3 Qxd5 41. Qxe5+
Qxe5 42. Rxe5 c4 43. Rc5 Rd3 44. Kg2 c3 45. Rf3 Rd2+ 46. Rf2 Nf6 47. Rxd2 cxd2
48. Rc8+ Kg7 49. Rd8 Ne4 50. a5 Kf6 51. Kf3 Ke5 52. Rd7 h5 53. Rd8 Nd6 54. Ke2
Ne4 55. Ra8 Nxg3+ 56. Kd1 Kd6 57. Rxa6+ Kc7 58. Rb6 h4 59. Rb3 Ne4 60. Rb4 Nc5
61. Kxd2 h3 62. Kc3 h2 63. Rh4 Kc6 64. Rxh2 Nb7 65. Rh6+ Kc7 66. a6 Nc5 67. Kc4
Ne4 68. Rh7+ Kb8 69. Kb5 Nd6+ 70. Kc6 Nc4 71. Re7 Na5+ 72. Kb5 1-0

[Event "32nd ECC Open 2016"]
[Site "Novi Sad SRB"]
[Date "2016.11.10"]
[Round "5.13"]
[Board "2"]
[White "Hauge, Lars Oskar"]
[Black "Werle, Jan"]
[Result "0-1"]
[WhiteTitle "IM"]
[BlackTitle "GM"]
[WhiteElo "2415"]
[BlackElo "2551"]
[WhiteTeam "Oslo Schakselskap"]
[BlackTeam "SV Werder Bremen"]
[WhiteFideId "1509276"]
[BlackFideId "1006088"]
[EventDate "2016.11.06"]

1. e4 e6 2. d4 d5 3. Nd2 Nf6 4. e5 Nfd7 5. Bd3 c5 6. c3 Nc6 7. Ne2 cxd4 8. cxd4
f6 9. exf6 Nxf6 10. Nf3 Bd6 11. O-O Qc7 12. Bg5 O-O 13. Bh4 Nh5 14. Qc2 h6 15.
Bh7+ Kh8 16. Bg6 Rxf3 17. Bxh5 Rf5 18. Bg6 Bxh2+ 19. Kh1 Bd6 20. Bxf5 exf5 21.
Rae1 Qf7 22. Bg3 Bb4 23. Rd1 Bd7 24. a3 Ba5 25. Kg1 Re8 26. b4 Bb6 27. Rfe1 a6
28. Qc3 Kh7 29. Be5 f4 30. Qf3 Nxe5 31. dxe5 Rxe5 32. Nc3 Rg5 33. Nxd5 Bc6 34.
Qd3+ Kh8 35. Nxb6 Rxg2+ 36. Kf1 Qh5 37. Qd8+ Kh7 38. Rd5 Qg4 0-1

[Event "32nd ECC Open 2016"]
[Site "Novi Sad SRB"]
[Date "2016.11.10"]
[Round "5.13"]
[Board "3"]
[White "Babula, Vlastimil"]
[Black "Mihajlov, Sebastian"]
[Result "1-0"]
[WhiteTitle "GM"]
[BlackTitle "FM"]
[WhiteElo "2548"]
[BlackElo "2359"]
[WhiteTeam "SV Werder Bremen"]
[BlackTeam "Oslo Schakselskap"]
[WhiteFideId "301264"]
[BlackFideId "1512110"]
[EventDate "2016.11.06"]

1. d4 Nf6 2. c4 c6 3. Nc3 d5 4. Nf3 dxc4 5. a4 Bf5 6. Ne5 Nbd7 7. Nxc4 Qc7 8. g3
e5 9. dxe5 Nxe5 10. Bf4 Nfd7 11. Bg2 g5 12. Ne3 gxf4 13. Nxf5 O-O-O 14. Qc2 Nc5
15. O-O fxg3 16. hxg3 a5 17. Rfd1 h5 18. e3 Kb8 19. Rd4 Re8 20. b4 Ne6 21. bxa5
Nxd4 22. exd4 Nc4 23. a6 Na3 24. Qb3 h4 25. Nxh4 Ka7 26. Rxa3 Bxa3 27. Qxa3 bxa6
28. Qc5+ Qb6 29. Ne4 Qxc5 30. Nxc5 Re1+ 31. Bf1 Rb8 32. Nf3 Ra1 33. Kg2 Rb2 34.
Ne5 Raa2 35. Ned3 Rb1 36. Ne5 Rbb2 37. Bxa6 Rxf2+ 38. Kh3 f5 39. Kh4 Kb6 40. Kg5
Ra1 41. Nc4+ Ka7 42. Nd6 Rd1 43. Nc8+ Ka8 44. Ne7 Ka7 45. a5 Kb8 46. Bb7 f4 47.
gxf4 Rg1+ 48. Kf5 Rgf1 49. a6 Rxf4+ 50. Ke5 1-0

[Event "32nd ECC Open 2016"]
[Site "Novi Sad SRB"]
[Date "2016.11.10"]
[Round "5.13"]
[Board "4"]
[White "Kovachev, Daniel Jakobsen"]
[Black "Koop, Thorben"]
[Result "1-0"]
[WhiteTitle "FM"]
[BlackTitle "IM"]
[WhiteElo "2309"]
[BlackElo "2430"]
[WhiteTeam "Oslo Schakselskap"]
[BlackTeam "SV Werder Bremen"]
[WhiteFideId "1503448"]
[BlackFideId "24661619"]
[EventDate "2016.11.06"]

1. e4 c5 2. Nf3 Nc6 3. Bb5 g6 4. O-O Bg7 5. Re1 Nf6 6. e5 Nd5 7. Nc3 Nc7 8. Bxc6
dxc6 9. Ne4 b6 10. h3 O-O 11. d3 a5 12. Bd2 a4 13. Qc1 Ne6 14. Bh6 Nd4 15. Nxd4
Qxd4 16. Bxg7 Kxg7 17. Ng5 Bf5 18. Nf3 Qd7 19. Qf4 h6 20. Re3 Be6 21. a3 Ra5 22.
Re4 Bd5 23. Ree1 Bxf3 24. Qxf3 Qe6 25. Qf4 Rd8 26. Re4 Rb5 27. Rb1 Qa2 28. Qc1
Rd4 29. Re1 Qe6 30. Qe3 Ra5 31. Re2 Ra8 32. Rf1 Rad8 33. f4 R4d5 34. g4 f5 35.
exf6+ Qxf6 36. Qxe7+ Qxe7 37. Rxe7+ Kg8 38. Rfe1 c4 39. dxc4 Rd2 40. R1e2 Rxe2
41. Rxe2 Rd4 42. Rf2 Rxc4 43. Kg2 b5 44. Kf3 b4 45. axb4 Rxb4 46. c3 Rb3 47. Ke4
a3 48. bxa3 Rxa3 49. Kd4 Kf7 50. f5 Ra5 51. fxg6+ Kxg6 52. c4 h5 53. gxh5+ Rxh5
54. Rf8 Kg7 55. Rf3 Kg6 56. Ke4 Rh4+ 57. Rf4 Rh5 58. h4 Kg7 59. Kd4 Kg6 60. Kc3
Kg7 61. Kb4 Kg6 62. c5 Kg7 63. Rc4 Kf6 64. Ka5 Ke6 65. Kb6 Kd5 66. Rg4 Rh6 67.
Rg5+ Kd4 68. h5 Kc4 69. Kc7 Kd4 70. Kb6 Kc4 71. Rg4+ Kd5 72. Rh4 Ke5 73. Rh1 Kd5
74. Rh2 Kc4 75. Rc2+ Kd5 76. Rd2+ Kc4 77. Rd6 Rxh5 78. Rxc6 Rh1 79. Rg6 Kd5 80.
Rd6+ Ke5 81. Rd2 Ke6 82. c6 Rb1+ 83. Kc7 Ke7 84. Re2+ Kf7 85. Kd7 Rd1+ 86. Kc8
Rc1 87. c7 Rc3 88. Re4 Rc1 89. Kd7 1-0

[Event "32nd ECC Open 2016"]
[Site "Novi Sad SRB"]
[Date "2016.11.10"]
[Round "5.13"]
[Board "5"]
[White "Grigorian, Spartak"]
[Black "Persson, Mats"]
[Result "1-0"]
[BlackTitle "FM"]
[WhiteElo "2280"]
[BlackElo "2314"]
[WhiteTeam "SV Werder Bremen"]
[BlackTeam "Oslo Schakselskap"]
[WhiteFideId "24661490"]
[BlackFideId "1708333"]
[EventDate "2016.11.06"]

1. d4 d5 2. c4 c6 3. Nf3 Nf6 4. Nc3 e6 5. Bg5 h6 6. Bh4 dxc4 7. e4 g5 8. Bg3 b5
9. Be2 b4 10. Na4 Nxe4 11. Be5 Nf6 12. Nc5 c3 13. bxc3 bxc3 14. O-O Nbd7 15.
Nxd7 Bxd7 16. Rc1 Be7 17. Rxc3 Nd5 18. Rb3 f6 19. Bg3 Qa5 20. Qc2 Kf7 21. Ne5+
fxe5 22. Bh5+ Kf8 23. Bxe5 Nf6 24. Rf3 Be8 25. Bxe8 Kxe8 26. Qxc6+ Kf7 27. Qd7 1-0

[Event "32nd ECC Open 2016"]
[Site "Novi Sad SRB"]
[Date "2016.11.10"]
[Round "5.13"]
[Board "6"]
[White "Stubberud, Ornulf"]
[Black "Charmeteau, Sven"]
[Result "0-1"]
[WhiteTitle "FM"]
[WhiteElo "2281"]
[BlackElo "2305"]
[WhiteTeam "Oslo Schakselskap"]
[BlackTeam "SV Werder Bremen"]
[WhiteFideId "1503758"]
[BlackFideId "638285"]
[EventDate "2016.11.06"]

1. e4 c5 2. Nf3 Nc6 3. d4 cxd4 4. Nxd4 e5 5. Nb5 d6 6. c4 Be7 7. N1c3 a6 8. Na3
Be6 9. Bd3 Bg5 10. O-O Bxc1 11. Rxc1 Nge7 12. Qd2 O-O 13. Rfd1 Rc8 14. Nc2 Ng6
15. Bf1 Nf4 16. g3 Qg5 17. f3 Qg6 18. Kh1 Nh5 19. Nd5 f5 20. exf5 Qxf5 21. Bg2
Qg6 22. b4 Kh8 23. b5 axb5 24. cxb5 Bxd5 25. Qxd5 Nb4 26. Nxb4 Rxc1 27. Rxc1
Nxg3+ 28. hxg3 Qh6+ 29. Kg1 Qxc1+ 30. Bf1 Qe1 31. Qxd6 Qxg3+ 32. Bg2 Qe1+ 33.
Kh2 Qh4+ 34. Kg1 Rd8 35. Qxe5 Qxb4 36. f4 b6 37. Kh2 h6 38. Be4 Qe1 39. Qf5 Qh4+
40. Kg2 Rd2+ 41. Kf3 Qf2+ 42. Kg4 Qg1+ 43. Kf3 Qg2+ 0-1

[Event "32nd ECC Open 2016"]
[Site "Novi Sad SRB"]
[Date "2016.11.10"]
[Round "5.14"]
[Board "1"]
[White "Sprenger, Jan Michael"]
[Black "Bogosavljevic, Boban"]
[Result "1/2-1/2"]
[WhiteTitle "IM"]
[BlackTitle "GM"]
[WhiteElo "2512"]
[BlackElo "2520"]
[WhiteTeam "LSG IntelliMagic"]
[BlackTeam "Jelica PEP - Goracici"]
[WhiteFideId "4646258"]
[BlackFideId "931152"]
[EventDate "2016.11.06"]

1. e4 c5 2. Nf3 Nc6 3. d4 cxd4 4. Nxd4 g6 5. c4 Nf6 6. Nc3 Nxd4 7. Qxd4 d6 8.
Be2 Bg7 9. Be3 O-O 10. Qd2 a5 11. f3 a4 12. Rc1 Be6 13. Rc2 Qa5 14. Nd5 Nxd5 15.
cxd5 Rfc8 16. Qxa5 Rxa5 17. Kd2 Rxc2+ 18. Kxc2 Bd7 19. Kb1 a3 20. Bd2 Ra8 21.
bxa3 Bd4 22. Bb4 b6 23. Rc1 Bc5 24. Bc4 Kg7 25. Kc2 f5 26. exf5 Bxf5+ 27. Kd2 h5
28. f4 Kf7 29. Bb3 Bd7 30. Kd3 Bb5+ 31. Kd2 Ra7 32. g3 Ra8 33. Re1 Bd7 34. Ke2
Bg4+ 35. Kf1 Bh3+ 36. Ke2 Bg4+ 37. Kf1 Bd7 38. Kg2 Ba4 39. Bc4 Bc2 40. Re2 Bf5
41. Bb5 Rc8 42. Ba6 Rc7 43. Bb5 Bd4 44. Bc6 Bd3 45. Rd2 Be4+ 46. Kh3 Bc5 47. g4
Ra7 48. Bxc5 bxc5 49. a4 Kf6 50. Re2 hxg4+ 51. Kxg4 Bf5+ 52. Kf3 e6 53. Rd2 Ra6
54. Bb5 Rb6 55. Ke3 exd5 56. Rxd5 Be6 57. Rd2 Ke7 58. Rg2 Bf7 59. Bd3 d5 60. a5
Re6+ 61. Kd2 c4 62. f5 gxf5 63. Bxf5 Rf6 64. Re2+ Kd6 65. a6 Kc5 66. Bc8 Rf3 67.
Kc1 Ra3 68. Re7 Bg6 69. Kb2 Ra5 70. a7 Kd4 71. Re6 Rb5+ 72. Ka3 Ra5+ 73. Kb4
Rxa7 74. Rxg6 Rxa2 75. Rg4+ Ke5 76. h3 Rb2+ 77. Kc3 Rb3+ 78. Kc2 d4 79. Rg5+ Kf4
80. Rg4+ Ke3 81. Rg3+ Kf4 82. Rg4+ Ke3 83. Rg3+ Ke4 1/2-1/2

[Event "32nd ECC Open 2016"]
[Site "Novi Sad SRB"]
[Date "2016.11.10"]
[Round "5.14"]
[Board "2"]
[White "Roganovic, Milos"]
[Black "Pijpers, Arthur"]
[Result "1/2-1/2"]
[WhiteTitle "IM"]
[BlackTitle "IM"]
[WhiteElo "2478"]
[BlackElo "2465"]
[WhiteTeam "Jelica PEP - Goracici"]
[BlackTeam "LSG IntelliMagic"]
[WhiteFideId "937614"]
[BlackFideId "1019554"]
[EventDate "2016.11.06"]

1. e4 e6 2. d4 d5 3. Nd2 c5 4. exd5 exd5 5. Ngf3 Nf6 6. Bb5+ Bd7 7. Bxd7+ Nbxd7
8. O-O Be7 9. dxc5 Nxc5 10. Nb3 Nce4 11. Nfd4 Nd6 12. Qd3 Qd7 13. Re1 O-O 14.
Bg5 Rfe8 15. Re2 Qg4 16. Nf3 Rad8 17. Rae1 Nde4 18. Be3 b6 19. Qb5 Bd6 20. h3
Qc8 21. Nbd4 Bb8 22. Qc6 Qa6 23. Bg5 Rc8 24. Qb5 Qxb5 25. Nxb5 Nxg5 26. Rxe8+
Rxe8 27. Rxe8+ Nxe8 28. Nxg5 a6 29. Nd4 Be5 30. Nc6 Bf6 31. Nf3 Kf8 32. b3 Nc7
33. Kf1 Ke8 34. Ke2 Kd7 35. Nce5+ Ke6 36. Ng4 Nb5 37. Kd3 h5 38. Nxf6 Kxf6 39.
a4 Nc7 40. a5 bxa5 41. Kd4 Ke6 42. Kc5 Nb5 43. Kb6 Na3 44. Ne1 Ke5 45. Kxa5 g5
46. Kb4 Nb5 47. Nf3+ Kf4 48. Kc5 g4 49. hxg4 hxg4 50. Ne1 d4 51. Kd5 g3 52. Nd3+
Kg4 53. Ne5+ Kf4 54. Nd3+ Kg4 55. Ne5+ Kf4 56. fxg3+ Kxg3 57. Nxf7 Na3 58. Kxd4
Nxc2+ 59. Kc3 Ne3 60. Kd3 Nxg2 61. Ne5 Nf4+ 62. Kc4 Ne2 63. Nd3 a5 64. Nc5 Nc1
65. Nb7 Nxb3 66. Kxb3 a4+ 67. Kxa4 1/2-1/2

[Event "32nd ECC Open 2016"]
[Site "Novi Sad SRB"]
[Date "2016.11.10"]
[Round "5.14"]
[Board "3"]
[White "Van Haastert, Edwin"]
[Black "Djordjevic, Vuk"]
[Result "0-1"]
[WhiteTitle "IM"]
[WhiteElo "2448"]
[BlackElo "2432"]
[WhiteTeam "LSG IntelliMagic"]
[BlackTeam "Jelica PEP - Goracici"]
[WhiteFideId "1003992"]
[BlackFideId "902098"]
[EventDate "2016.11.06"]

1. e4 d5 2. exd5 Qxd5 3. Nc3 Qd6 4. d4 Nf6 5. Nf3 c6 6. h3 Nbd7 7. Bd3 g6 8. O-O
Bg7 9. Re1 O-O 10. Bg5 Nb6 11. Qd2 Be6 12. Bf4 Qd7 13. Ne2 Qc8 14. Bh6 Bc4 15.
Bxg7 Kxg7 16. Nf4 Qc7 17. Ne5 Bxd3 18. Nfxd3 Nc8 19. Qf4 Nd6 20. c3 b6 21. Re2
Rac8 22. Rae1 Nf5 23. g3 Nd5 24. Qf3 e6 25. h4 h5 26. Qe4 Rfd8 27. Kg2 c5 28.
dxc5 bxc5 29. Nc4 Nb6 30. Qe5+ Qxe5 31. Ndxe5 Rc7 32. Rd2 Rxd2 33. Nxd2 f6 34.
Nec4 e5 35. Kf3 Rb7 36. Ke2 Kf7 37. Rd1 Na4 38. Nb3 Ke7 39. Nba5 Rc7 40. Rd2 Nb6
41. b3 Nc8 42. Ne3 Nxe3 43. Kxe3 Nd6 44. c4 Ke6 45. a3 g5 46. hxg5 fxg5 47. Rd1
h4 48. gxh4 gxh4 49. Rh1 Nf5+ 50. Kf3 Rd7 51. Rh3 Rd3+ 52. Kg2 Rd2 53. Nb7 e4
54. Nxc5+ Ke5 55. Kg1 Rd1+ 56. Kg2 Rd2 57. Kg1 Kf4 58. Rc3 Nd4 59. Re3 Nf3+ 60.
Kg2 Ng5 61. Nxe4 Nxe4 62. Rf3+ Kg4 63. Rf8 h3+ 64. Kg1 Ng5 65. Rg8 Rd1+ 66. Kh2
Rf1 67. c5 Rxf2+ 68. Kh1 Rc2 69. b4 Kh4 0-1

[Event "32nd ECC Open 2016"]
[Site "Novi Sad SRB"]
[Date "2016.11.10"]
[Round "5.14"]
[Board "4"]
[White "Radovanovic, Mihajlo"]
[Black "Bosman, Michiel"]
[Result "0-1"]
[WhiteTitle "IM"]
[BlackTitle "FM"]
[WhiteElo "2370"]
[BlackElo "2353"]
[WhiteTeam "Jelica PEP - Goracici"]
[BlackTeam "LSG IntelliMagic"]
[WhiteFideId "940313"]
[BlackFideId "1000721"]
[EventDate "2016.11.06"]

1. d4 Nf6 2. c4 e6 3. Nf3 d5 4. Nc3 Bb4 5. cxd5 exd5 6. Bf4 c6 7. Qc2 g6 8. e3
Bf5 9. Qb3 Qb6 10. Nh4 Be6 11. Bd3 Nh5 12. Be5 O-O 13. g4 Ng7 14. Bxg7 Kxg7 15.
Qc2 Qd8 16. Ng2 Bxg4 17. Nf4 Qh4 18. h3 Bh5 19. Nxh5+ Qxh5 20. h4 Qf3 21. Rg1
Re8 22. Be2 Qe4 23. Qb3 Bxc3+ 24. bxc3 b6 25. Bg4 Qe7 26. h5 Nd7 27. Bxd7 Qxd7
28. Ke2 Re6 29. Rg5 Rae8 30. Rh1 Rf6 31. Qb1 h6 32. hxg6 fxg6 33. Rg3 Qf5 34.
Qxf5 Rxf5 35. Rhg1 g5 36. R1g2 c5 37. Rg4 cxd4 38. Rxd4 Rc8 39. Kd3 h5 40. e4
dxe4+ 41. Kxe4 Rcf8 42. Rd7+ Kg6 43. Rd6+ R8f6 44. Rxf6+ Kxf6 45. f3 Re5+ 46.
Kd4 Ra5 47. Rd2 Rc5 48. Re2 Kf5 49. Re4 Ra5 0-1

[Event "32nd ECC Open 2016"]
[Site "Novi Sad SRB"]
[Date "2016.11.10"]
[Round "5.14"]
[Board "5"]
[White "Van der Werf, Mark"]
[Black "Radovic, Janko"]
[Result "1/2-1/2"]
[WhiteTitle "IM"]
[WhiteElo "2412"]
[BlackElo "2285"]
[WhiteTeam "LSG IntelliMagic"]
[BlackTeam "Jelica PEP - Goracici"]
[WhiteFideId "1000470"]
[BlackFideId "911518"]
[EventDate "2016.11.06"]

1. Nf3 c5 2. c4 Nc6 3. d4 cxd4 4. Nxd4 g6 5. e4 Bg7 6. Be3 Nf6 7. Nc3 Ng4 8.
Qxg4 Nxd4 9. Qd1 e5 10. Bd3 O-O 11. O-O d6 12. Qd2 Be6 13. Ne2 Qb6 14. Rad1 Rfc8
15. Rc1 a5 16. Nc3 a4 17. Nd5 Bxd5 18. cxd5 Bf6 19. Rc3 Qd8 20. Rfc1 Qd7 21. Qd1
a3 22. Rxc8+ Rxc8 23. b3 Bd8 24. Rxc8 Qxc8 25. Qc1 Qxc1+ 26. Bxc1 Nxb3 27. Bxa3
Nc5 28. Bxc5 dxc5 29. d6 f6 30. Kf1 Kf7 31. Bc4+ Ke8 32. Bb5+ Kf7 33. Ke2 Ke6
34. d7 c4 35. Kd2 Ba5+ 36. Kc2 Kd6 37. Bxc4 1/2-1/2

[Event "32nd ECC Open 2016"]
[Site "Novi Sad SRB"]
[Date "2016.11.10"]
[Round "5.14"]
[Board "6"]
[White "Radovic, Luka"]
[Black "De Jong, Jan-Willem"]
[Result "0-1"]
[BlackTitle "IM"]
[WhiteElo "2260"]
[BlackElo "2447"]
[WhiteTeam "Jelica PEP - Goracici"]
[BlackTeam "LSG IntelliMagic"]
[WhiteFideId "911569"]
[BlackFideId "1008641"]
[EventDate "2016.11.06"]

1. Nf3 Nf6 2. g3 g6 3. Bg2 Bg7 4. c4 d5 5. O-O O-O 6. d4 dxc4 7. Nc3 c6 8. a4
Na6 9. a5 Nd5 10. e4 Ndb4 11. Be3 b5 12. axb6 axb6 13. h3 Bb7 14. Qd2 e6 15.
Rfd1 c5 16. d5 exd5 17. exd5 Nc7 18. Rxa8 Qxa8 19. Bh6 Ncxd5 20. Bxg7 Kxg7 21.
Ne5 Nf6 22. Bxb7 Qxb7 23. Nxc4 Nc6 24. Nd6 Qd7 25. Nde4 Nd4 26. Qe3 Nxe4 27.
Qxe4 Qxh3 28. Qe5+ f6 29. Qf4 Re8 30. Ra1 Re7 31. b4 g5 0-1

[Event "32nd ECC Open 2016"]
[Site "Novi Sad SRB"]
[Date "2016.11.10"]
[Round "5.15"]
[Board "1"]
[White "Blomqvist, Erik"]
[Black "Napoli, Nicolo"]
[Result "1-0"]
[WhiteTitle "GM"]
[BlackTitle "FM"]
[WhiteElo "2552"]
[BlackElo "2243"]
[WhiteTeam "SK Rockaden"]
[BlackTeam "DLF Steinitz Roma"]
[WhiteFideId "1709437"]
[BlackFideId "813702"]
[EventDate "2016.11.06"]

1. Nf3 d5 2. g3 Nf6 3. Bg2 c6 4. O-O Bf5 5. c4 e6 6. cxd5 exd5 7. d3 Be7 8. Qb3
Qb6 9. Qc2 O-O 10. Nc3 Na6 11. e4 Bg6 12. Nh4 Nb4 13. Qb1 d4 14. Nxg6 hxg6 15.
Ne2 Rfd8 16. a3 Na6 17. Bd2 Qb3 18. Nc1 Qb6 19. Qc2 Nc7 20. b4 c5 21. Rb1 Na6
22. b5 Nc7 23. Nb3 a5 24. bxa6 Qxa6 25. Nxc5 Bxc5 26. Qxc5 Ne6 27. Qc4 Qxa3 28.
Rxb7 Rdc8 29. Qb5 Rc2 30. Bb4 Qb2 31. Bd6 Qc3 32. e5 Ra1 33. Bb4 Qb2 34. Be1
Qxb5 35. Rxb5 Ng4 36. h3 Nh6 37. Ba5 Ra3 38. Rd1 Nc5 39. Bf1 Raa2 40. Be1 Na4
41. Ra5 Nf5 42. Rb1 Nc3 43. Rxa2 Rxa2 44. Rb8+ Kh7 45. Rf8 Ra1 46. Bd2 Ra2 47.
Bf4 Ra7 48. Bg5 Rb7 49. g4 Nh6 50. Kh2 Ng8 51. Kg3 Rb1 52. Bg2 Rd1 53. Rxf7
Rxd3+ 54. Kh2 Rd1 55. e6 Re1 56. e7 d3 57. Bd2 1-0